<?xml version="1.0" encoding="UTF-8"?>
<record
    xmlns:xsi="http://www.w3.org/2001/XMLSchema-instance"
    xsi:schemaLocation="http://www.loc.gov/MARC21/slim http://www.loc.gov/standards/marcxml/schema/MARC21slim.xsd"
    xmlns="http://www.loc.gov/MARC21/slim">

  <leader>01807naa a2200265 i 4500</leader>
  <controlfield tag="001">3286</controlfield>
  <controlfield tag="003">KOSZ 005</controlfield>
  <controlfield tag="005">20180214113725.0</controlfield>
  <controlfield tag="008">141206s2002    pl     f     |100 0 pol</controlfield>
  <datafield tag="040" ind1=" " ind2=" ">
    <subfield code="c">BPK</subfield>
    <subfield code="d">KOSZ 005/EG</subfield>
  </datafield>
  <datafield tag="080" ind1=" " ind2=" ">
    <subfield code="a">629.33</subfield>
  </datafield>
  <datafield tag="080" ind1=" " ind2=" ">
    <subfield code="a">621.7</subfield>
  </datafield>
  <datafield tag="100" ind1="1" ind2=" ">
    <subfield code="a">KUKIE&#x141;KA, Leon.</subfield>
    <subfield code="d">1996 - .</subfield>
    <subfield code="b">Politechnika Koszali&#x144;ska - Wydzia&#x142; Mechaniczny,</subfield>
    <subfield code="c">Katedra Maszyn Roboczych</subfield>
  </datafield>
  <datafield tag="245" ind1="1" ind2="0">
    <subfield code="a">Wybrane problemy &#x15B;wiadomego kszta&#x142;towania jako&#x15B;ci technologicznej i u&#x17C;ytkowej cz&#x119;&#x15B;ci samochodowych w procesie nagniatania /</subfield>
    <subfield code="c">Leon Kukie&#x142;ka.</subfield>
  </datafield>
  <datafield tag="246" ind1="3" ind2="1">
    <subfield code="a">Chosen problems of formating of technological and functional quality of car parts in burnishing rolling process</subfield>
  </datafield>
  <datafield tag="500" ind1=" " ind2=" ">
    <subfield code="a">Dane z autopsji.</subfield>
  </datafield>
  <datafield tag="520" ind1=" " ind2=" ">
    <subfield code="a">W pracy przedstawiono nowoczesn&#x105; metod&#x119; powierzchniowej obr&#xF3;bki nagniataniem zalecan&#x105; do stosowania w przemy&#x15B;le motoryzacyjnym. Pomimo wielu zalet tej metody obr&#xF3;bki jej zastosowanie w przemy&#x15B;le jest niedostateczne. W pracy podano korelacj&#x119; czynnik&#xF3;w wp&#x142;ywaj&#x105;cych na jako&#x15B;&#x107; technologiczn&#x105; i u&#x17C;ytkow&#x105; przedmiotu nagniatanego. Wskazano na trudno&#x15B;ci &#x15B;wiadomego kszta&#x142;towania wyrob&#xF3;w nagniataniem. Wyj&#x15B;ciem z takiej sytuacji jest opracowanie wymaga&#x144; dotycz&#x105;cych warunk&#xF3;w realizacji obr&#xF3;bki poprzedzaj&#x105;cej oraz warunk&#xF3;w nagniatania zapewniaj&#x105;cych wysok&#x105; jako&#x15B;&#x107; wyrobu.</subfield>
  </datafield>
  <datafield tag="650" ind1=" " ind2="0">
    <subfield code="a">Nagniatanie.</subfield>
  </datafield>
  <datafield tag="650" ind1=" " ind2="0">
    <subfield code="a">Jako&#x15B;&#x107;.</subfield>
  </datafield>
  <datafield tag="650" ind1=" " ind2="0">
    <subfield code="a">Samochody - urz&#x105;dzenia.</subfield>
  </datafield>
  <datafield tag="655" ind1=" " ind2="0">
    <subfield code="a">Materia&#x142;y konferencyjne.</subfield>
  </datafield>
  <datafield tag="773" ind1="0" ind2=" ">
    <subfield code="i">W :</subfield>
    <subfield code="t">Droga krajowa nr 6 osi&#x105; integracji Pomorza &#x15A;rodkowego i szans&#x105; rozwoju motoryzacji : V S&#x142;upskie Forum Motoryzacji, S&#x142;upsk 18-19 maja 2002. -</subfield>
    <subfield code="d">S&#x142;upsk : Starostwo Powiatowe w S&#x142;upsku, 2002. -</subfield>
    <subfield code="g">s. 107-122</subfield>
  </datafield>
  <datafield tag="711" ind1="2" ind2="2">
    <subfield code="a">S&#x142;upskie Forum Motoryzacji</subfield>
    <subfield code="n">(5 ;</subfield>
    <subfield code="d">2002 ;</subfield>
    <subfield code="c">S&#x142;upsk, Polska).</subfield>
  </datafield>
  <datafield tag="942" ind1=" " ind2=" ">
    <subfield code="c">ROZ</subfield>
    <subfield code="2">UKD</subfield>
  </datafield>
  <datafield tag="999" ind1=" " ind2=" ">
    <subfield code="c">3286</subfield>
    <subfield code="d">3286</subfield>
  </datafield>
  <datafield tag="952" ind1=" " ind2=" ">
    <subfield code="0">0</subfield>
    <subfield code="1">0</subfield>
    <subfield code="4">0</subfield>
    <subfield code="7">0</subfield>
    <subfield code="a">BPK</subfield>
    <subfield code="b">BPK</subfield>
    <subfield code="o">76402</subfield>
    <subfield code="y">ROZ</subfield>
  </datafield>
</record>
